000 02066cam a22004094i 4500
003 PE-LiUPU
005 20250731175626.0
008 150710s r 000 0 d
020 _a9653500899
035 _a(Sirsi) i9789653500891
040 _aPE-LiUPU
_bspa
_cPE-LiUPU
_erda
049 _aPRUA
082 0 4 _a492.2
_bT81
_221
245 0 0 _aTextbook of Aramaic documents from ancient Egypt :
_bostraca & assorted inscriptions /
_ceditado por Bezalel Porten y Ada Yardeni.
264 1 _aJerusalem :
_bThe Hebrew University, Department of the History os the Jewish People Texts and Studies for Students,
_c1999.
300 _apag. varia :
_bilustraciones, gráficos ;
_c29 centímetros
336 _atext
_2rdacontent
337 _aunmediated
_2rdamedia
338 _avolume
_2rdacarrier
504 _aIncluye bibliografía.
505 0 _aPapyrus fragments -- Contracts -- Accounts, Lists, and opisthographs -- Fragments perpendicular to the fibers -- Fragments parallel to the fibers -- Leather fragments -- Ceramic inscriptions -- Accounts -- Lists -- Jars -- Stone plaques -- Wooden plaques -- Seals, Bulla , and atamps -- Libation bowls -- Statuettes -- Dedication stone -- Funerary Inscriptions -- Mummy labels -- Offering Table and stelae -- Burial markers, tomstone, and memorial inscriptions -- Graffiti (Gegraphically arranged) -- Lemaire -- Aramaica dubiosa..
526 _aP145
526 _aP127
526 _aP97
526 _aP35
526 _aP14
526 _aP07
650 0 4 _aContratos legales arameos
_yEpoca antigua.
700 1 _aPorten, Bezalel,
_eeditor.
700 1 _aYardeni, Ada,
_eeditor.
942 _2ddc
_cBOOK
949 _a492.2 T81
_wDEWEY
_c1
_i49462
_lCCODEBUL1
_mBUL
_r0
_sY
_tBOOK
_u2015-7-10
_xTEOLOGIA
_PP35
_0COMPRA
_o.STAFF. Colección General
994 _aC0
_bPEPRU
596 _a1
999 _a492.2 T81
_wDEWEY
_c29964
_i49462
_d29964
_e2019-6-23
_f2021-11-12
_g5
_lCCODEBUL1
_mBUL
_n1
_r0
_sY
_tBOOK
_u2015-7-10
_xTEOLOGIA
_PP35
_0COMPRA
_o.STAFF. Colección General
980 _81
_gALBERTO SANCHEZ Responsable de Automatización